Squadra della stagione della UEFA Europa League - 2016-2017 - Statistics

Statistiche generali
  • Questo quiz è stato fatto 2 volte
  • Il punteggio medio è 8 su 18
Statistiche sulle risposte
Ruolo Nazione Squadra Calciatore % Corretto
Difensore Paesi Bassi Ajax Matthijs de Ligt
100%
Centrocampista Francia Manchester Utd Paul Pogba
100%
Attaccante Svezia Manchester Utd Zlatan Ibrahimović
100%
Attaccante Francia Olympique Lione Alexandre Lacazette
50%
Centrocampista Germania Ajax Amin Younes
50%
Difensore Ecuador Manchester Utd Antonio Valencia
50%
Attaccante Burkina Faso Ajax Bertrand Traoré
50%
Centrocampista Francia Olympique Lione Corentin Tolisso
50%
Difensore Paesi Bassi Manchester Utd Daley Blind
50%
Difensore Costa d'Avorio Manchester Utd Eric Bailly
50%
Centrocampista Armenia Manchester Utd Henrikh Mkhitaryan
50%
Difensore Francia Olympique Lione Jérémy Morel
50%
Portiere Argentina Manchester Utd Sergio Romero
50%
Centrocampista Spagna Manchester Utd Ander Herrera
0%
Difensore Argentina Celta Vigo Gustavo Cabral
0%
Centrocampista Cile lta Vigo Pablo Hernández
0%
Portiere Spagna Celta Vigo Sergio Álvarez
0%
Centrocampista Belgio Anderlecht Youri Tielemans
0%
Nessun quiz corrispondente trovato
Distribuzione punteggi
Percentuale di utenti per punteggio
Percentile per numero di risposta
I tuoi punteggi nel tempo
Non hai fatto questo quiz